000 00510nam a2200181Ia 4500
008 090124s9999 xx 000 0 und d
082 _b123760
100 _aमंगेशकर गीता
245 _a परिसस्पर्श
250 _a1
260 _c1990
300 _a255
600 _aमंगेशकर गीता
630 _a परिसस्पर्श
700 _aमंगेशकर गीता
730 _a परिसस्पर्श
942 _cBOOK
999 _c169847
_d169847